000 00534nam a22001817a 4500
003 UA-OsUOA
001 7863
007 ta
008 20040716b un ||||| |||| 00| 0 ukr d
100 _aЄленський В.
942 _cSA
040 _aUA-OsUOA
_cUA-OsUOA
_dUA-OsUOA
245 _aАльтернативна цивільна служба: український і міжнародний досвід
300 _aС.2 - 7
955 _a0
773 0 _w0
_tЛюдина і світ
_d2004
_d№6
650 7 _aРелігія
_2UDC
999 _c294024
_d294024